Il Galateo. Ouvero De Modi, che usar si debbono, e schifarsi nella Civile Conversazione, Opera Di M. Giovanni Della Casa

Saved in:
Bibliographic Details
Main Author: Casa, M. Giovanni della (Author)
Format: Book
Language:Italian
Published: Bassano del Grappa S. Remondini 1768
Edition:1a. ed
Subjects:
Tags: Add Tag
No Tags, Be the first to tag this record!

MARC

LEADER 00000nam a2200000 a 4500
001 UCJ8609
003 CL-VaPUC
008 070124e17680000it |||||||||||||||||ita|d
082 0 4 |a 302  |b CAS  |2 21 
100 0 |a Casa, M. Giovanni della  |e author  |9 517469 
245 1 3 |a Il Galateo. Ouvero De Modi, che usar si debbono, e schifarsi nella Civile Conversazione, Opera Di M. Giovanni Della Casa 
250 |a 1a. ed 
300 |a 372 p 
942 |c BK 
945 |d 20070124 00:00:00  |a rinostro 
260 |a Bassano del Grappa  |b S. Remondini  |c 1768 
650 7 |a URBANIDAD  |2 CL-VaPUC  |9 505090 
650 7 |a ETIQUETA  |2 CL-VaPUC  |9 439545 
650 0 |a Conversación   |9 341332 
583 |a last modification  |c 20171218 02:01:07  |k Rodrigo Vera 
999 |c 324279  |d 324277 
952 |0 0  |1 0  |4 0  |6 302_000000000000000_CAS_1768  |7 0  |8 X  |9 404316  |a FDOBUD  |b FDOBUD  |d 2019-11-22  |i 1080385  |o 302 CAS 1768  |p 1080385  |r 2019-11-22  |w 2019-11-22  |y BK_X  |k BUD